[Event "Bordeaux ASPOM-Chamalieres"]
[Site "Ramonville"]
[Date "2008.01.20"]
[Round "6.5"]
[White "Favarel, Antoine"]
[Black "Ollier, Pablo"]
[Result "0-1"]
[WhiteElo "2066"]
[BlackElo "2127"]
[PlyCount "106"]
[EventDate "2008.01.20"]
[WhiteTeam "Bordeaux A.S.P.O.M."]
[BlackTeam "ChamaliÃ¨res"]

1. e4 e6 2. d3 d5 3. Nd2 c5 4. Ngf3 Nc6 5. g3 g6 6. Bg2 Bg7 7. O-O Nge7 8. Re1
O-O 9. e5 h6 10. h4 f5 11. exf6 Rxf6 12. c3 e5 13. Qb3 Rf7 14. Qb5 Qd6 15. Nb3
b6 16. d4 cxd4 17. cxd4 e4 18. Ne5 Nxe5 19. dxe5 Qxe5 20. Bf4 Qe6 21. Rac1 Bd7
22. Qa6 Nc6 23. f3 Nb4 24. Qb7 Bc6 25. Rxc6 Qxc6 26. Qxc6 Nxc6 27. fxe4 dxe4
28. Rxe4 Rd8 29. Re6 Nd4 30. Nxd4 Bxd4+ 31. Kh2 Kg7 32. h5 Bf6 33. hxg6 Kxg6
34. b3 Re7 35. Rc6 Re2 36. a4 Rd5 37. Rd6 Rc5 38. Kg1 Rc3 39. Bf1 Re7 40. Bc4
Kg7 41. Bxh6+ Kxh6 42. Rxf6+ Kg5 43. Rd6 Rxg3+ 44. Kf2 Rc3 45. a5 bxa5 46. Ra6
Kf4 47. Rf6+ Ke4 48. Ra6 Rc2+ 49. Kg3 Rg7+ 50. Kh3 Rc3+ 51. Kh2 Rcg3 52. Rxa5
R3g5 53. Rxg5 Rxg5 0-1

[Event "Bordeaux ASPOM-Chamalieres"]
[Site "Ramonville"]
[Date "2008.01.20"]
[Round "6.6"]
[White "Lafeuille, Bernard"]
[Black "Calas, Bernard"]
[Result "0-1"]
[WhiteElo "1910"]
[BlackElo "2138"]
[PlyCount "56"]
[EventDate "2008.01.20"]
[WhiteTeam "ChamaliÃ¨res"]
[BlackTeam "Bordeaux A.S.P.O.M."]

1. c4 g6 2. g3 Bg7 3. Bg2 Nf6 4. Nc3 O-O 5. e4 e5 6. Nge2 Nc6 7. O-O d6 8. d3
Nh5 9. Rb1 f5 10. exf5 Bxf5 11. h3 Bd7 12. Ne4 Qc8 13. Kh2 Kh8 14. Be3 Ne7 15.
Qd2 Nf5 16. Bg5 h6 17. g4 hxg5 18. gxf5 Rxf5 19. Nxg5 Nf4 20. Nxf4 Rxg5 21. h4
Rg4 22. Nd5 Rxh4+ 23. Kg1 Bh3 24. f3 e4 25. dxe4 Bxg2 26. Ne7 Rh1+ 27. Kxg2
Qh3+ 28. Kf2 Rh2+ 0-1

[Event "Bordeaux ASPOM-Chamalieres"]
[Site "Ramonville"]
[Date "2008.01.20"]
[Round "6.7"]
[White "Gillet, Noel"]
[Black "Mazel, Jacky"]
[Result "0-1"]
[WhiteElo "1760"]
[BlackElo "1903"]
[PlyCount "83"]
[EventDate "2008.01.20"]
[WhiteTeam "Bordeaux A.S.P.O.M."]
[BlackTeam "ChamaliÃ¨res"]

1. d4 d5 2. c4 c6 3. Nf3 Nf6 4. Nc3 a6 5. e3 Bf5 6. Bd3 Bxd3 7. Qxd3 e6 8. O-O
Be7 9. a4 O-O 10. Bd2 Nbd7 11. e4 dxe4 12. Nxe4 Nxe4 13. Qxe4 Nf6 14. Qd3 Qc7
15. Ng5 Rad8 16. Bc3 e5 17. d5 cxd5 18. f4 e4 19. Qh3 d4 20. Be1 h6 21. Nxe4
Nxe4 22. Qf5 Nd6 23. Qh5 Qxc4 24. Ba5 Rc8 25. Rf3 Rc5 26. f5 Rxa5 27. Raf1 Ne4
28. Re1 Nf6 29. Qh4 Bc5 30. Kh1 Bb6 31. Rg3 Kh7 32. Rh3 Rxf5 33. Rg1 Rh5 34.
Qf4 Rxh3 35. gxh3 Qd5+ 36. Rg2 Re8 37. Qg3 g6 38. h4 Re2 39. h5 Qxg2+ 40. Qxg2
Rxg2 41. hxg6+ Kxg6 42. Kxg2 0-1

[Event "Bordeaux ASPOM-Chamalieres"]
[Site "Ramonville"]
[Date "2008.01.20"]
[Round "6.8"]
[White "Dieuleveut, Floriane"]
[Black "Garma, Jovanka"]
[Result "0-1"]
[WhiteElo "1530"]
[BlackElo "1770"]
[PlyCount "58"]
[EventDate "2008.01.20"]
[WhiteTeam "ChamaliÃ¨res"]
[BlackTeam "Bordeaux A.S.P.O.M."]

1. e4 c5 2. Nc3 e6 3. f4 d6 4. Nf3 Nd7 5. d3 a6 6. g4 b5 7. Bg2 Bb7 8. Be3 Qc7
9. Qe2 Ne7 10. a4 b4 11. Na2 d5 12. Nd2 a5 13. Qf2 d4 14. O-O dxe3 15. Qxe3 Nc6
16. Nb3 c4 17. dxc4 Nb6 18. Qd3 Nxa4 19. Rab1 Nc5 20. Qf3 Rd8 21. f5 e5 22. f6
g6 23. Qe3 Ne6 24. Qf3 a4 25. Nd2 Rxd2 26. Bh3 Ng5 27. Qe3 Nxh3+ 28. Qxh3 Bc5+
29. Kh1 Nd4 0-1

[Event "Nice-Monaco"]
[Site "Monaco"]
[Date "2008.02.10"]
[Round "7.1"]
[White "Bujisho, Benjamin"]
[Black "Dorfman, Iossif"]
[Result "1/2-1/2"]
[WhiteElo "2387"]
[BlackElo "2592"]
[PlyCount "119"]
[EventDate "2008.02.10"]

1. d4 d5 2. c4 e6 3. Nc3 c6 4. e3 Nf6 5. Nf3 a6 6. Be2 dxc4 7. Bxc4 c5 8. Bb3
Nc6 9. O-O cxd4 10. exd4 Be7 11. d5 exd5 12. Nxd5 Nxd5 13. Qxd5 Be6 14. Qxd8+
Rxd8 15. Bxe6 fxe6 16. Bg5 Bf6 17. Bxf6 gxf6 18. Rfd1 Ke7 19. Kf1 Rhg8 20. g3
e5 21. a3 Ke6 22. Ke1 e4 23. Nd2 f5 24. Nb3 b6 25. Rac1 Ne5 26. Ke2 Rxd1 27.
Rxd1 Rc8 28. Nd4+ Kf6 29. h3 Nd3 30. Rb1 f4 31. gxf4 Nxf4+ 32. Ke3 Ke5 33. Ne2
Ng2+ 34. Kd2 Rd8+ 35. Kc3 Rd3+ 36. Kc4 Rf3 37. Rd1 Rxf2 38. Rd5+ Kf6 39. Nc3 e3
40. Rd6+ Ke5 41. Rxb6 e2 42. Nxe2 Rxe2 43. Rxa6 Rxb2 44. Rh6 Ne3+ 45. Kd3 Rb3+
46. Ke2 Nd5 47. Rxh7 Ke4 48. Rh4+ Nf4+ 49. Kd2 Rxa3 50. Rh8 Kd4 51. Rd8+ Nd5
52. Ke2 Rxh3 53. Kf2 Rh7 54. Kf3 Rf7+ 55. Ke2 Rf5 56. Rd7 Ke4 57. Rd8 Re5 58.
Kd2 Rh5 59. Re8+ Kd4 60. Ke2 1/2-1/2

[Event "Nice-Monaco"]
[Site "Monaco"]
[Date "2008.02.10"]
[Round "7.2"]
[White "Rombaldoni, Denis"]
[Black "Suarez Real, Alberto"]
[Result "1/2-1/2"]
[WhiteElo "2404"]
[BlackElo "2398"]
[PlyCount "75"]
[EventDate "2008.02.10"]

1. d4 Nf6 2. c4 g6 3. Nc3 Bg7 4. Nf3 d6 5. Bg5 h6 6. Bh4 O-O 7. e3 c5 8. d5 Bf5
9. Bd3 Bxd3 10. Qxd3 a6 11. O-O Nbd7 12. a4 Qb6 13. Nd2 Qxb2 14. Rab1 Ne5 15.
Rxb2 Nxd3 16. Rxb7 Rfb8 17. Rfb1 Nb4 18. Rxb8+ Rxb8 19. a5 Kf8 20. Na4 Nd7 21.
Kf1 Na2 22. Rxb8+ Nxb8 23. Nb3 Nd7 24. Nb6 Ke8 25. Bg3 Bb2 26. Na4 Ba3 27. Ke2
Nc1+ 28. Nxc1 Bxc1 29. f4 f5 30. Be1 Nf6 31. h3 Kd7 32. Kd3 Ba3 33. Kc2 Ne4 34.
Nb6+ Kd8 35. Na8 Kd7 36. Nb6+ Kd8 37. Na8 Kd7 38. Nb6+ 1/2-1/2

[Event "Nice-Monaco"]
[Site "Monaco"]
[Date "2008.02.10"]
[Round "7.3"]
[White "Gachet, Sebastien"]
[Black "Efimov, Igor"]
[Result "0-1"]
[WhiteElo "2271"]
[BlackElo "2468"]
[PlyCount "88"]
[EventDate "2008.02.10"]

1. e4 c6 2. d4 d5 3. e5 Bf5 4. g4 Be4 5. f3 Bg6 6. h4 h5 7. e6 Qd6 8. exf7+
Bxf7 9. g5 Qg3+ 10. Ke2 Nd7 11. Be3 Qd6 12. Bh3 e5 13. Kf2 Be6 14. dxe5 Nxe5
15. Bd4 O-O-O 16. Qe2 Bxh3 17. Qxe5 Qxe5 18. Bxe5 Bf5 19. c3 Ne7 20. Ne2 Ng6
21. Bg3 Bc5+ 22. Nd4 Rhf8 23. Nd2 Bd7 24. N2b3 Bb6 25. Rae1 Nf4 26. Bxf4 Rxf4
27. Kg2 Rdf8 28. Ref1 Re8 29. Re1 Ref8 30. Ref1 c5 31. Ne2 Ra4 32. Nbc1 Bc6 33.
b3 Ra3 34. Rd1 a5 35. Rhf1 a4 36. Rd2 axb3 37. axb3 c4 38. bxc4 dxc4 39. Ra2
Rxa2 40. Nxa2 Rd8 41. Nb4 Rd2 42. Re1 Bd7 43. Kg3 g6 44. Kf4 Bf2 0-1

[Event "Nice-Monaco"]
[Site "Monaco"]
[Date "2008.02.10"]
[Round "7.4"]
[White "Rouchouse, Stevens"]
[Black "Oliveira, Sancho"]
[Result "1-0"]
[WhiteElo "2193"]
[BlackElo "2139"]
[PlyCount "77"]
[EventDate "2008.02.10"]

1. e4 c5 2. Nf3 Nc6 3. d4 cxd4 4. Nxd4 Nf6 5. Nc3 e5 6. Ndb5 d6 7. Bg5 a6 8.
Na3 b5 9. Nd5 Be7 10. Bxf6 Bxf6 11. c3 O-O 12. Nc2 Rb8 13. Nce3 Bg5 14. Bd3
Bxe3 15. Nxe3 Ne7 16. O-O Be6 17. Bc2 Kh8 18. f4 Qb6 19. Qf3 f5 20. Kh1 exf4
21. Nxf5 Ng6 22. Qh5 Rf6 23. Qg5 Rb7 24. h4 Rbf7 25. h5 Bxf5 26. exf5 Ne5 27.
Rae1 f3 28. gxf3 Qc6 29. Be4 d5 30. Bc2 Nc4 31. Re6 Nd6 32. Rfe1 d4 33. Be4
Nxe4 34. R1xe4 Qc7 35. Re8+ Rf8 36. Kg2 h6 37. Qxf6 gxf6 38. Rxf8+ Kg7 39. Rfe8
1-0

[Event "Nice-Monaco"]
[Site "Monaco"]
[Date "2008.02.10"]
[Round "7.5"]
[White "Bes, Stephane"]
[Black "Lebel, Patrick"]
[Result "1/2-1/2"]
[WhiteElo "2139"]
[BlackElo "2177"]
[PlyCount "40"]
[EventDate "2008.02.10"]

1. d4 Nf6 2. c4 Nc6 3. Nf3 e6 4. g3 Bb4+ 5. Bd2 Qe7 6. Bg2 Ne4 7. O-O Nxd2 8.
Nbxd2 Bxd2 9. Qxd2 d6 10. e4 e5 11. d5 Nb8 12. b4 Nd7 13. Qc3 b6 14. Nd2 a5 15.
a3 O-O 16. Nb3 a4 17. Nc1 Bb7 18. Nd3 c6 19. Rac1 cxd5 20. cxd5 Rfc8 1/2-1/2

[Event "Nice-Monaco"]
[Site "Monaco"]
[Date "2008.02.10"]
[Round "7.6"]
[White "Van Hoolandt, Patrick"]
[Black "Boursier, Julien"]
[Result "1-0"]
[WhiteElo "2215"]
[BlackElo "2106"]
[PlyCount "45"]
[EventDate "2008.02.10"]

1. d4 d5 2. c4 c6 3. cxd5 cxd5 4. Nf3 Nf6 5. Nc3 Nc6 6. Bf4 a6 7. Rc1 e6 8. e3
Bd6 9. Bg3 O-O 10. Bd3 Re8 11. Ne5 Bxe5 12. dxe5 Nd7 13. f4 f5 14. exf6 Nxf6
15. O-O Kh8 16. Bh4 d4 17. Na4 Rf8 18. Bxf6 gxf6 19. Qh5 Qd7 20. Rf3 f5 21. Rg3
dxe3 22. Qh6 Qf7 23. Be2 1-0

[Event "Nice-Monaco"]
[Site "Monaco"]
[Date "2008.02.10"]
[Round "7.7"]
[White "Bressac, Stephane"]
[Black "Roussiere, Christophe"]
[Result "1-0"]
[WhiteElo "1997"]
[BlackElo "2127"]
[PlyCount "81"]
[EventDate "2008.02.10"]

1. e4 e5 2. Nf3 Nc6 3. Nc3 Nf6 4. Bb5 Nd4 5. Nxd4 exd4 6. e5 dxc3 7. exf6 Qxf6
8. dxc3 Qe5+ 9. Qe2 Bd6 10. O-O O-O 11. Qxe5 Bxe5 12. Re1 d6 13. Bg5 f6 14.
Bc4+ Kh8 15. Be3 g5 16. h4 g4 17. Bh6 Rd8 18. f4 gxf3 19. gxf3 d5 20. f4 Bd6
21. Bxd5 Bf5 22. Rad1 Bxc2 23. Rd2 Bf5 24. Kh1 Rab8 25. Rg2 Bg6 26. h5 Bxf4 27.
Bxf4 Bxh5 28. Bxc7 Rxd5 29. Bxb8 Rd8 30. Bc7 Rc8 31. Bf4 Bf3 32. Kg1 Bxg2 33.
Kxg2 Rc4 34. Kf3 Kg8 35. Re7 Ra4 36. a3 b5 37. Kg4 a5 38. Kf5 h5 39. Kg6 Kf8
40. Bd6 Rc4 41. Re6+ 1-0

[Event "Nice-Monaco"]
[Site "Monaco"]
[Date "2008.02.10"]
[Round "7.8"]
[White "Lebel Arias, Julia"]
[Black "Bramme, Isabelle"]
[Result "1/2-1/2"]
[WhiteElo "1948"]
[BlackElo "1992"]
[PlyCount "94"]
[EventDate "2008.02.10"]

1. d4 e6 2. Nf3 Nf6 3. Bg5 Be7 4. Nbd2 b6 5. e3 Bb7 6. Bd3 d6 7. a4 a5 8. O-O
Nbd7 9. c3 Nd5 10. Bxe7 Qxe7 11. Re1 O-O 12. Qe2 f5 13. g3 N5f6 14. e4 fxe4 15.
Nxe4 e5 16. dxe5 dxe5 17. Nfd2 Rad8 18. Bc4+ Kh8 19. Rad1 Nc5 20. Nxf6 Qxf6 21.
b3 e4 22. Qe3 Qf5 23. Re2 Nd3 24. Nxe4 Nxf2 25. Rxf2 Rxd1+ 26. Bf1 Rxf1+ 27.
Kxf1 Qh3+ 28. Kg1 Rxf2 29. Qxf2 Kg8 30. Qd4 Qc8 31. Qc4+ Kh8 32. Ng5 h6 33.
Nf7+ Kh7 34. Qd3+ Kg8 35. Nd8 Ba8 36. Qc4+ Kh7 37. Ne6 c5 38. Qg4 Qb7 39. Nf4
Qh1+ 40. Kf2 Qxh2+ 41. Ke3 Qc2 42. Nd3 Qxc3 43. Qf5+ g6 44. Qd7+ Qg7 45. Qe6
Qb7 46. Kd2 Qd5 47. Qxb6 Qd7 1/2-1/2

[Event "Saint Affrique-Ramonville"]
[Site "Ramonville"]
[Date "2008.02.10"]
[Round "7.1"]
[White "Letreguilly, Olivier"]
[Black "Lejarre, Ludovic"]
[Result "0-1"]
[WhiteElo "2337"]
[BlackElo "2401"]
[PlyCount "100"]
[EventDate "2008.02.10"]

1. e4 e5 2. Nf3 Nc6 3. Bb5 a6 4. Ba4 Nf6 5. O-O Be7 6. Re1 b5 7. Bb3 d6 8. c3
O-O 9. h3 Na5 10. Bc2 c5 11. d4 Qc7 12. Nbd2 cxd4 13. cxd4 Rd8 14. Bd3 Nc6 15.
d5 Nb4 16. Bb1 a5 17. Nb3 a4 18. Bd2 Nbxd5 19. Nbd4 exd4 20. exd5 Re8 21. Nxd4
Bd7 22. Qf3 Qc5 23. Nc6 Bf8 24. Rxe8 Rxe8 25. Nb4 Qc4 26. Bd3 Qh4 27. Re1 Rxe1+
28. Bxe1 Qg5 29. Qe3 Qh5 30. Qe2 Qe5 31. Bc3 Qg5 32. Qe3 Qh4 33. a3 Nh5 34. Bd2
Qf6 35. Qg5 Qxg5 36. Bxg5 g6 37. g4 h6 38. Bd8 Nf4 39. Bf1 Bg7 40. Nc6 Bxb2 41.
Bxb5 Kg7 42. Bxa4 Nxh3+ 43. Kg2 Nf4+ 44. Kf3 Nxd5 45. Bb5 Bxa3 46. Nd4 Bxb5 47.
Nxb5 Bc5 48. Bh4 Kf8 49. Ke4 Ne7 50. Nc7 f5+ 0-1

[Event "Saint Affrique-Ramonville"]
[Site "Ramonville"]
[Date "2008.02.10"]
[Round "7.2"]
[White "Gachon, Lionel"]
[Black "Laclau, Daniel"]
[Result "0-1"]
[WhiteElo "2288"]
[BlackElo "2270"]
[PlyCount "60"]
[EventDate "2008.02.10"]

1. g3 d5 2. Bg2 c6 3. d3 Bg4 4. Nd2 e6 5. Ngf3 Nf6 6. O-O Be7 7. b3 O-O 8. Bb2
a5 9. a3 Na6 10. c4 h6 11. Qc2 Re8 12. Bc3 Bf8 13. Qb2 Nc5 14. h3 Bf5 15. Bxf6
Qxf6 16. Qxf6 gxf6 17. b4 axb4 18. axb4 Na6 19. b5 Nb4 20. Rfe1 Bg6 21. Nb3
dxc4 22. dxc4 Rxa1 23. Rxa1 Rd8 24. Ra7 Rd1+ 25. Kh2 cxb5 26. cxb5 b6 27. Rb7
Bc2 28. Nbd4 Bc5 29. Nc6 Nd5 30. Nd8 Bxf2 0-1

[Event "Saint Affrique-Ramonville"]
[Site "Ramonville"]
[Date "2008.02.10"]
[Round "7.3"]
[White "Boyd, Stephen"]
[Black "Franca, Ricardo Bedin"]
[Result "1-0"]
[WhiteElo "2336"]
[BlackElo "2240"]
[PlyCount "99"]
[EventDate "2008.02.10"]

1. c4 c6 2. e4 d5 3. exd5 cxd5 4. cxd5 Nf6 5. Nc3 Nxd5 6. Nf3 Nc6 7. d4 Bg4 8.
Qb3 Bxf3 9. gxf3 e6 10. Qxb7 Nxd4 11. Bb5+ Nxb5 12. Qc6+ Ke7 13. Qxb5 Qd7 14.
Nxd5+ Qxd5 15. Qxd5 exd5 16. O-O Ke6 17. Re1+ Kf5 18. Rd1 Rd8 19. Be3 Rd7 20.
Rac1 Be7 21. Rd4 Bf6 22. Rf4+ Ke6 23. Re1 Kd6 24. Ra4 Rb7 25. Ra6+ Kd7 26. Rd1
Bxb2 27. Rxd5+ Ke8 28. Bxa7 g6 29. a4 f5 30. Rb5 Rxb5 31. axb5 Kd7 32. Be3 Be5
33. Ra7+ Ke6 34. f4 Bd6 35. Kg2 Kd5 36. Kf3 Kc4 37. Rd7 Kd5 38. h3 Ke6 39. Ra7
Kd5 40. Rb7 Ke6 41. Ke2 Kd5 42. Kd3 Rb8 43. Rxb8 Bxb8 44. f3 Bd6 45. Kc3 Bc5
46. Bxc5 Kxc5 47. b6 Kxb6 48. Kd4 Kc6 49. Ke5 Kc5 50. h4 1-0

[Event "Saint Affrique-Ramonville"]
[Site "Ramonville"]
[Date "2008.02.10"]
[Round "7.4"]
[White "Juglard, Eric"]
[Black "Mania, Clement"]
[Result "0-1"]
[WhiteElo "2134"]
[BlackElo "1948"]
[PlyCount "154"]
[EventDate "2008.02.10"]

1. d4 d5 2. Nc3 Nf6 3. Bg5 e6 4. e4 Be7 5. e5 Ne4 6. Bxe7 Qxe7 7. Nxe4 dxe4 8.
c3 O-O 9. Qc2 f5 10. exf6 Qxf6 11. f3 e5 12. Qxe4 exd4 13. Bc4+ Kh8 14. Qxd4
Qe7+ 15. Ne2 Nc6 16. Qe4 Qxe4 17. fxe4 Ne5 18. Bb3 Nd3+ 19. Kd2 Nf2 20. Rhf1
Nxe4+ 21. Ke3 Re8 22. Bf7 Re7 23. Kd3 Bg4 24. Nd4 c5 25. h3 cxd4 26. hxg4 dxc3
27. bxc3 Rd8+ 28. Kc2 Rc7 29. c4 g6 30. Rad1 Rxd1 31. Kxd1 Nd6 32. Be6 Nxc4 33.
Rf3 Rc6 34. Rf8+ Kg7 35. Rf7+ Kh6 36. Bxc4 Rxc4 37. g5+ Kxg5 38. Rxh7 Rb4 39.
Kc2 Kg4 40. Kc3 Rb6 41. Rh3 g5 42. Rd3 Rc6+ 43. Kd2 Ra6 44. a3 Re6 45. Rc3 b5
46. Rd3 Rb6 47. Ke2 a5 48. Kf2 b4 49. axb4 axb4 50. Rb3 Kf4 51. Ke2 Ke4 52. Kd2
Kd4 53. Kc2 Rb5 54. Rg3 b3+ 55. Kb2 Ke4 56. Rf3 g4 57. Rf8 Rf5 58. Rg8 Rf2+ 59.
Kxb3 Rxg2 60. Kc3 Kf3 61. Kd3 Ra2 62. Rf8+ Kg2 63. Ke3 g3 64. Rb8 Kg1 65. Rb1+
Kh2 66. Rb8 g2 67. Rh8+ Kg1 68. Rh7 Ra8 69. Ke2 Re8+ 70. Kd2 Re4 71. Kd3 Rg4
72. Ke2 Re4+ 73. Kd3 Re5 74. Rh8 Kf2 75. Rf8+ Kg3 76. Rg8+ Kf3 77. Kd2 Re4 0-1

[Event "Saint Affrique-Ramonville"]
[Site "Ramonville"]
[Date "2008.02.10"]
[Round "7.5"]
[White "Bosc, Sebastien"]
[Black "Constantin, David"]
[Result "0-1"]
[WhiteElo "2027"]
[BlackElo "2094"]
[PlyCount "96"]
[EventDate "2008.02.10"]

1. e4 c5 2. Nf3 d6 3. Bb5+ Bd7 4. Bxd7+ Qxd7 5. O-O Nf6 6. Re1 Nc6 7. c3 e6 8.
d4 cxd4 9. cxd4 d5 10. e5 Ne4 11. Nc3 Nxc3 12. bxc3 Be7 13. Qd3 h6 14. h4 Rc8
15. h5 Na5 16. Nh2 b5 17. Rb1 a6 18. Qg3 Kf8 19. f4 Qc6 20. Bb2 Nc4 21. Bc1 Na5
22. Re3 b4 23. Bb2 Nc4 24. Rd3 Qa4 25. Ba1 Qxa2 26. Rf1 Nd2 27. Rxd2 Qxd2 28.
f5 exf5 29. Rxf5 Bg5 30. e6 Qe3+ 31. Qxe3 Bxe3+ 32. Kf1 f6 33. cxb4 Rc1+ 34.
Ke2 Rxa1 35. Kxe3 Re1+ 36. Kf2 Rxe6 37. Rxd5 Ke7 38. b5 Rd8 39. Rxd8 Kxd8 40.
bxa6 Rxa6 41. Nf3 Ra2+ 42. Kg3 Ke7 43. Kh3 Ke6 44. g4 Kd5 45. Nh4 Ra3+ 46. Kg2
Kxd4 47. Nf5+ Ke4 48. Nxg7 Kf4 0-1

[Event "Saint Affrique-Ramonville"]
[Site "Ramonville"]
[Date "2008.02.10"]
[Round "7.6"]
[White "Bolon, Karelle"]
[Black "Herrero, Alain"]
[Result "1-0"]
[WhiteElo "2105"]
[BlackElo "1760"]
[PlyCount "61"]
[EventDate "2008.02.10"]

1. e4 c5 2. Nc3 Nc6 3. Bb5 g6 4. Bxc6 dxc6 5. d3 Bg7 6. f4 Nf6 7. Nf3 O-O 8.
O-O Qc7 9. Qe1 e5 10. Nxe5 Nh5 11. Nf3 Nxf4 12. Qh4 Ne6 13. Bd2 Nd4 14. Rac1
Nxf3+ 15. Rxf3 Be6 16. Rcf1 Qd7 17. Bg5 Rae8 18. Kh1 b6 19. Bh6 f5 20. exf5
Rxf5 21. Ne4 Ref8 22. Rxf5 Bxf5 23. Ng3 Be6 24. Rxf8+ Kxf8 25. Qf6+ Qf7 26.
Bxg7+ Kg8 27. Qxf7+ Kxf7 28. Bc3 Bxa2 29. Nf1 a5 30. b3 Ke6 31. Kg1 1-0

[Event "Saint Affrique-Ramonville"]
[Site "Ramonville"]
[Date "2008.02.10"]
[Round "7.7"]
[White "Vignette, Jeanne"]
[Black "Iwanesko, Alexandre"]
[Result "0-1"]
[WhiteElo "1540"]
[BlackElo "2010"]
[PlyCount "82"]
[EventDate "2008.02.10"]

1. e4 c5 2. Nf3 e6 3. d4 cxd4 4. Nxd4 a6 5. Nc3 b5 6. a3 Bb7 7. g3 Nf6 8. Bg2
Qc7 9. O-O d6 10. Re1 Nbd7 11. Nf3 Be7 12. Qd3 O-O 13. Bg5 h6 14. Bxf6 Nxf6 15.
e5 dxe5 16. Nxe5 Rfd8 17. Qe2 Bxg2 18. Kxg2 Bd6 19. Nf3 Rd7 20. Rad1 Rad8 21.
Rd3 Bc5 22. Ne5 Rxd3 23. cxd3 Bxa3 24. Nxb5 Qb7+ 25. f3 Bxb2 26. Qxb2 axb5 27.
Rb1 Rb8 28. Nc4 Qd5 29. Qc2 Rc8 30. Rb4 bxc4 31. dxc4 Qc5 32. Qc3 Nd5 33. Qd3
Nxb4 34. Qe4 Qxc4 35. Qxc4 Rxc4 36. Kf2 Rc2+ 37. Kg1 Kf8 38. h4 Ke7 39. Kf1 Kd6
40. Ke1 Kd5 41. f4 Ke4 0-1

[Event "Bordeaux ASPOM-Echiquier Bordelais"]
[Site "Bordeaux"]
[Date "2008.02.10"]
[Round "7.1"]
[White "Favarel, Julien"]
[Black "Faber, Michel"]
[Result "1-0"]
[WhiteElo "2284"]
[BlackElo "2250"]
[PlyCount "67"]
[EventDate "2008.07.10"]

1. d4 Nf6 2. c4 e6 3. Nc3 c5 4. d5 exd5 5. cxd5 d6 6. g3 g6 7. Bg2 Bg7 8. Nf3
O-O 9. O-O Re8 10. Nd2 b6 11. Re1 Ba6 12. a4 Qd7 13. h3 Nh5 14. Nf3 Bc4 15. e4
Be5 16. Nxe5 dxe5 17. g4 Nf6 18. f4 Qd6 19. Qf3 Nbd7 20. Bf1 Bxf1 21. Rxf1 exf4
22. Bxf4 Ne5 23. Qg3 a6 24. Rf2 Ra7 25. Raf1 Nfd7 26. Kg2 Rb7 27. Bxe5 Nxe5 28.
Rf6 Qd8 29. d6 Rd7 30. Nd5 Nc6 31. Qf4 Rf8 32. Qh6 Rxd6 33. Rxd6 Qxd6 34. Nf6+
1-0

[Event "Bordeaux ASPOM-Echiquier Bordelais"]
[Site "Bordeaux"]
[Date "2008.02.10"]
[Round "7.2"]
[White "Passager, Jean Pierre"]
[Black "Le Huec, Marc"]
[Result "1/2-1/2"]
[WhiteElo "2227"]
[BlackElo "2204"]
[PlyCount "150"]
[EventDate "2008.07.10"]

1. d4 Nf6 2. c4 g6 3. Nc3 Bg7 4. g3 O-O 5. Bg2 d6 6. Nf3 Nc6 7. O-O a6 8. d5
Na5 9. Nd2 c5 10. Qc2 Rb8 11. b3 b5 12. Bb2 Bf5 13. e4 Bd7 14. Rab1 e6 15. h3
exd5 16. cxd5 Re8 17. Nd1 b4 18. Ne3 Bb5 19. Nec4 Nxc4 20. Nxc4 Bxc4 21. Qxc4
Qa5 22. Qc2 Rbc8 23. Rfc1 Nd7 24. Bxg7 Kxg7 25. Ra1 Qa3 26. Rab1 Re7 27. Qb2+
Qxb2 28. Rxb2 Ne5 29. Rd2 Ra8 30. f4 Nd7 31. a3 Rb8 32. Ra2 bxa3 33. Rxa3 Rb6
34. Rc4 f5 35. exf5 gxf5 36. Kf2 Nb8 37. Bf1 Kf6 38. Rc3 Re4 39. Re3 Rxe3 40.
Kxe3 h6 41. Bc4 Rb7 42. Kf3 h5 43. Ra1 Ra7 44. Re1 Re7 45. Rh1 Rh7 46. Ra1 Rg7
47. Ra4 Rb7 48. g4 hxg4+ 49. hxg4 fxg4+ 50. Kxg4 Rg7+ 51. Kf3 Rh7 52. Ra2 Rh3+
53. Kg4 Rh7 54. Re2 Re7 55. Rh2 Kg7 56. Kf5 Re3 57. Rg2+ Kf7 58. Rg6 Ke7 59.
Rg7+ Kd8 60. Ra7 Re7 61. Ra8 Kc7 62. Bxa6 Nxa6 63. Rxa6 Re3 64. Ra7+ Kc8 65.
Kf6 Rxb3 66. Ke6 Rf3 67. Ra6 Kc7 68. Ra7+ Kb6 69. Rf7 c4 70. Kxd6 c3 71. Rc7
Rxf4 72. Rxc3 Rf6+ 73. Ke7 Rh6 74. Rd3 Rh7+ 75. Kf6 Kc7 1/2-1/2

[Event "Bordeaux ASPOM-Echiquier Bordelais"]
[Site "Bordeaux"]
[Date "2008.02.10"]
[Round "7.3"]
[White "Cousigne, Frederic"]
[Black "Lemeaux, David"]
[Result "1-0"]
[WhiteElo "2192"]
[BlackElo "2221"]
[PlyCount "81"]
[EventDate "2008.07.10"]

1. d4 Nf6 2. c4 g6 3. Nc3 Bg7 4. e4 d6 5. f4 O-O 6. Nf3 Na6 7. Bd3 e5 8. fxe5
dxe5 9. d5 Nc5 10. Bc2 a5 11. Be3 Nfd7 12. g4 b6 13. Qd2 Nb7 14. a4 Nd6 15. b3
Nc5 16. Rg1 Qe7 17. h4 Na6 18. Rd1 Bd7 19. h5 f6 20. hxg6 hxg6 21. Nh4 Kf7 22.
Qf2 Rg8 23. g5 Raf8 24. Nxg6 Qd8 25. Nxf8 Rxf8 26. gxf6 Qxf6 27. Qxf6+ Bxf6 28.
Kd2 Nb4 29. Rdf1 Ke7 30. Rg6 Ne8 31. Bd1 Rh8 32. Rh6 Rg8 33. Rh7+ Kd8 34. Rg1
Rxg1 35. Bxg1 Be7 36. Bh5 Na6 37. Nb5 Nc5 38. Bxc5 Bxc5 39. Rh8 Bd6 40. Nxd6
cxd6 41. Ke3 1-0

[Event "Bordeaux ASPOM-Echiquier Bordelais"]
[Site "Bordeaux"]
[Date "2008.02.10"]
[Round "7.4"]
[White "Daumens, Michel"]
[Black "Jaureguiberry, Cedric"]
[Result "1/2-1/2"]
[WhiteElo "2196"]
[BlackElo "2151"]
[PlyCount "84"]
[EventDate "2008.07.10"]

1. e4 g6 2. d4 Bg7 3. c3 c6 4. Nf3 d5 5. Nbd2 dxe4 6. Nxe4 Nf6 7. Bd3 Nbd7 8.
O-O Nxe4 9. Bxe4 Nf6 10. Bc2 O-O 11. Re1 Bg4 12. h3 Bxf3 13. Qxf3 e6 14. Bg5
Qd5 15. Qe3 Rfe8 16. Bb3 Qd7 17. Rad1 a5 18. Qf3 a4 19. Bxf6 Bxf6 20. Qxf6 axb3
21. axb3 Ra2 22. Rd2 Rea8 23. h4 R8a5 24. Re5 Ra1+ 25. Kh2 Rxe5 26. Qxe5 Qd8
27. Qf4 Ra5 28. g3 Ra1 29. c4 Re1 30. Qf3 Qa5 31. Rd1 Rxd1 32. Qxd1 Qf5 33. Qe2
h5 34. Kg2 Kf8 35. b4 b5 36. b3 f6 37. Qe3 Kf7 38. Qf3 Qxf3+ 39. Kxf3 Ke7 40.
Ke4 Kd6 41. f4 f5+ 42. Ke3 Kd7 1/2-1/2

[Event "Bordeaux ASPOM-Echiquier Bordelais"]
[Site "Bordeaux"]
[Date "2008.02.10"]
[Round "7.5"]
[White "Bancel, Gerard"]
[Black "Lagunes, Jean Renaud"]
[Result "1-0"]
[WhiteElo "2125"]
[BlackElo "2072"]
[PlyCount "73"]
[EventDate "2008.07.10"]

1. g3 Nf6 2. Bg2 c6 3. e4 d6 4. d4 g6 5. Ne2 Bg7 6. O-O Qc7 7. f4 Bg4 8. h3
Bxe2 9. Qxe2 Nfd7 10. c3 e5 11. Be3 a5 12. Nd2 a4 13. a3 Na6 14. Rad1 Rb8 15.
Qg4 b5 16. Nf3 h5 17. Qh4 Bf6 18. Ng5 Bxg5 19. fxg5 c5 20. g4 b4 21. Qf2 O-O
22. dxc5 dxc5 23. gxh5 bxa3 24. bxa3 c4 25. hxg6 fxg6 26. Qd2 Rb7 27. Qd5+ Kg7
28. Qd6 Nac5 29. Qe7+ Kg8 30. Rxf8+ Nxf8 31. Qxc5 Qb8 32. Rf1 Ne6 33. Qxc4 Qe8
34. Qd5 Rf7 35. Qxe5 Rxf1+ 36. Bxf1 Qd7 37. Qd5 1-0

[Event "Bordeaux ASPOM-Echiquier Bordelais"]
[Site "Bordeaux"]
[Date "2008.02.10"]
[Round "7.6"]
[White "Quillien, Emmanuel"]
[Black "Favarel, Antoine"]
[Result "1/2-1/2"]
[WhiteElo "2142"]
[BlackElo "2066"]
[PlyCount "59"]
[EventDate "2008.07.10"]

1. d4 d5 2. Nf3 Nf6 3. e3 Bg4 4. h3 Bxf3 5. Qxf3 e6 6. c4 Bb4+ 7. Bd2 Qe7 8. a3
Bxd2+ 9. Nxd2 O-O 10. cxd5 exd5 11. Bd3 Nbd7 12. O-O c5 13. Rac1 Qd6 14. dxc5
Nxc5 15. Bb1 Rac8 16. Bf5 Ne6 17. Qe2 Qe5 18. Rxc8 Rxc8 19. Bxe6 fxe6 20. Nf3
Qc7 21. Qb5 Ne4 22. Nd4 Qf7 23. Qa4 Rf8 24. Nf3 a6 25. Qd4 Qg6 26. Kh2 Qh5 27.
g4 Qh6 28. Kg2 Qg6 29. Ne5 Qf6 30. f3 1/2-1/2

[Event "Bordeaux ASPOM-Echiquier Bordelais"]
[Site "Bordeaux"]
[Date "2008.02.10"]
[Round "7.7"]
[White "Maghrabi, Yvan"]
[Black "Galloux, Maxime"]
[Result "1-0"]
[WhiteElo "2088"]
[BlackElo "2062"]
[PlyCount "70"]
[EventDate "2008.07.10"]

1. e4 c5 2. Nf3 g6 3. Nc3 Nc6 4. d4 cxd4 5. Nxd4 Bg7 6. Be3 Nf6 7. Bc4 O-O 8.
Bb3 d6 9. f3 Bd7 10. Qd2 Nxd4 11. Bxd4 b5 12. a4 b4 13. Nd5 Nxd5 14. exd5 Qa5
15. Bxg7 Kxg7 16. Qd4+ Kg8 17. O-O Rac8 18. Rfe1 Rfe8 19. Qh4 f6 20. Re2 Qb6+
21. Kh1 a5 22. Rae1 Qd8 23. Qh6 Bf5 24. g4 Bd7 25. Re4 Rc7 26. Qe3 Kf7 27. Qh6
Kg8 28. h4 Bc8 29. Bc4 Rf8 30. Bd3 Rf7 31. Qe3 Kf8 32. Qb6 Rd7 33. Qd4 Rc7 34.
b3 Rc5 35. Bc4 Qc7 1-0